LIBRARY & INFORMATION CENTRE, KCAET, TAVANUR

ONLINE PUBLIC ACCESS CATALOGUE (OPAC)

Ground water irrigation and the rural poor :options for development Gangetu basis / (Record no. 2303)

MARC details
000 -LEADER
fixed length control field 00567cam a2200193ua 4500
020 ## - INTERNATIONAL STANDARD BOOK NUMBER
ISBN 0 8213 2401 2
041 ## - LANGUAGE CODE
Language code of text/sound track or separate title eng
082 ## - DEWEY DECIMAL CLASSIFICATION NUMBER
Classification number 338.476275209541
Item number KAH/GR
100 ## - MAIN ENTRY--AUTHOR NAME
Personal name Kahnert, Friedrich .
245 ## - TITLE STATEMENT
Title Ground water irrigation and the rural poor :options for development Gangetu basis /
250 ## - EDITION STATEMENT
Edition statement 1 /
260 ## - PUBLICATION, DISTRIBUTION, ETC. (IMPRINT)
Place of publication Washington :
Name of publisher The world bank ,
Year of publication 1993.
300 ## - PHYSICAL DESCRIPTION
Number of Pages 222 ; .
700 1# - ADDED ENTRY--PERSONAL NAME
Personal name Levine , Gilbert .
942 ## - ADDED ENTRY ELEMENTS (KOHA)
Koha item type Books
Holdings
Withdrawn status Lost status Damaged status Home library Current library Date acquired Full call number Accession Number Koha item type
      KAUAET KAUAET 07/04/2012 338.476275209541 KAH/GR 18427 Books
free website counter